000 00511nam a2200217Ia 4500
003 OSt
005 20220928135547.0
006 a|||||r|||| 00| 0
007 ta
008 220927b |||||||| |||| 00| 0 eng d
024 _a3125
037 _cTextual
040 _aSDCL
_cSDCL
_beng
041 _2eng
_aeng
082 _aO-,1L88w, L4
100 _aVulliamy C E
_9491525
245 0 _aByron
260 _c1974
942 _hO-,1L88w, L4
_cTEXL
_2CC
999 _c806919
_d806919